Bienvenue à la Médiathèque de Saint-Andiol
banniere
Accueil Recherche avancée Mon compte
handi1 Rechercher dans le catalogue

Filtre   Mots-clés
  Recherche avancée
 
Lister les dernières nouveautés
 
Lister les livres GROS CARACTERES
 
Lister les périodiques (magazines)

handi1 Montagne des âmes (La)

<< Retourner aux résultats de la recherche
Book Cover
Auteur principal : Stéphane Tamaillon
Autres auteurs : Pierre Uong
Titre : Montagne des âmes (La)
Support : Livres
Langue : Francais
Series : Liloo fille des cavernes
Genre : Bande Dessinée (enfants)
Sujets :
Étiquettes :
Pas de tags
LEADER 00983nam0a2200205 450
001 16868144
010 |a 978-2-35241-385-1  |b cart.  |d 14 € 
100 |a 20180628d2018 u u0frey01 ba 
101 0 |a fre 
102 |a FR 
200 0 |a Montagne des âmes (La)  |f scénario Stéphane Tamaillon  |g dessin Pierre Uong 
207 1 |a   
215 |a [41] p.  |c illustrations en couleur  |d 30 cm 
330 |a Les temps sont durs pour le clan des caverneux. Le gibier se fait rare et la famine menace. Les dieux exigent un sacrifice. Un tirage au sort condamne Liloo à être précipitée dans la bouche d'un lointain volcan. Un périlleux voyage s'amorce, dominé par l'ombre maléfique de la sorcière au masque de renne 
461 0 |t Liloo fille des cavernes  |v 02 
700 0 |a Tamaillon  |b Stéphane  |4 70 
701 0 |a Uong  |b Pierre  |4 440 
900 |a Bande Dessinée (enfants) 
901 |a Jeunesse 
995 |a Médiathèque  |c Médiathèque  |f 00156010471019  |h 00156010471019  |k BD LIL  |o p  |q j  |r az  |e Médiathèque